Encyclopaedia of management. (Record no. 347528)
[ view plain ]
| 000 -LEADER | |
|---|---|
| fixed length control field | 00428 a2200133 4500 |
| 020 ## - INTERNATIONAL STANDARD BOOK NUMBER | |
| International Standard Book Number | 8124201684 (hardcover) |
| 020 ## - INTERNATIONAL STANDARD BOOK NUMBER | |
| International Standard Book Number | 9788124201688 (hardcover) |
| 090 ## - LOCALLY ASSIGNED LC-TYPE CALL NUMBER (OCLC); LOCAL CALL NUMBER (RLIN) | |
| -- | 5106 |
| -- | 5106 |
| 245 00 - TITLE STATEMENT | |
| Title | Encyclopaedia of management. |
| 260 ## - PUBLICATION, DISTRIBUTION, ETC. | |
| Place of publication, distribution, etc. | [S.l.] : |
| Name of publisher, distributor, etc. | Crest Publishing House, |
| Date of publication, distribution, etc. | 2007. |
| 300 ## - PHYSICAL DESCRIPTION | |
| Extent | 1 v. (unpaged) |
| 856 40 - ELECTRONIC LOCATION AND ACCESS | |
| Materials specified | Amazon.com |
| Uniform Resource Identifier | <a href="http://www.amazon.com/exec/obidos/ASIN/8124201684/chopaconline-20">http://www.amazon.com/exec/obidos/ASIN/8124201684/chopaconline-20</a> |
| 942 ## - ADDED ENTRY ELEMENTS (KOHA) | |
| Institution code [OBSOLETE] | NBS |
| Koha item type | Book |
| Call number prefix | 658.03 TAF |
| Withdrawn status | Lost status | Damaged status | Not for loan | Permanent Location | Current Location | Date acquired | Full call number | Barcode | Date last seen | Price effective from | Koha item type |
|---|---|---|---|---|---|---|---|---|---|---|---|
| Central Library (CL) | Central Library (CL) | 08/28/2013 | 658.03 TAF | NBS3304 | 08/28/2013 | 08/28/2013 | Reference | ||||
| Central Library (CL) | Central Library (CL) | 08/28/2013 | 658.03 TAF | NBS3305 | 08/28/2013 | 08/28/2013 | Reference | ||||
| Central Library (CL) | Central Library (CL) | 08/28/2013 | 658.03 TAF | NBS3306 | 08/28/2013 | 08/28/2013 | Reference | ||||
| Central Library (CL) | Central Library (CL) | 08/28/2013 | 658.03 TAF | NBS3307 | 08/28/2013 | 08/28/2013 | Reference | ||||
| Central Library (CL) | Central Library (CL) | 08/28/2013 | 658.03 TAF | NBS3308 | 08/28/2013 | 08/28/2013 | Reference | ||||
| Central Library (CL) | Central Library (CL) | 08/28/2013 | 658.03 TAF | NBS3309 | 08/28/2013 | 08/28/2013 | Reference | ||||
| Central Library (CL) | Central Library (CL) | 08/28/2013 | 658.03 TAF | NBS3310 | 08/28/2013 | 08/28/2013 | Reference |
